[Event "2nd Hersonissos Open 2018"]
[Site "Hersonissos"]
[Date "2018.06.18"]
[Round "3"]
[White "Kealar, Konstantinos"]
[Black "Warnk, Torsten"]
[Result "0-1"]
[WhiteElo "1323"]
[BlackElo "1853"]
[Annotator "NA"]
[PlyCount "90"]
[EventDate "2018.06.16"]
[EventType "swiss"]
[EventCountry "GRE"]
[SourceTitle "playchess.com"]
[Source "ChessBase"]
[SourceQuality "1"]
[TimeControl "5400+30"]

1. d4 {[%emt 0:00:00]} d5 {[%emt 0:00:05]} 2. c4 {[%emt 0:00:00]} e6 {[%emt 0:00:39]} 3. Nf3 {[%emt 0:01:04]} Nf6 {[%emt 0:00:11]} 4. Bf4 {[%emt 0:00:51]} Bd6 {[%emt 0:03:15]} 5. Bg5 {[%emt 0:01:36]} Be7 {[%emt 0:04:16]} 6. Nc3 {[%emt 0:01:37]} Nbd7 {[%emt 0:01:47]} 7. e3 {[%emt 0:00:29]} O-O {[%emt 0:00:12]} 8. Bd3 {[%emt 0:00:24]} b6 {[%emt 0:01:13]} 9. Qc2 {[%emt 0:00:27]} dxc4 {[%emt 0:03:24]} 10. Bxc4 {[%emt 0:00:27]} Bb7 {[%emt 0:00:49]} 11. Bd3 {[%emt 0:01:27]} h6 {[%emt 0:00:56]} 12. h4 {[%emt 0:09:23]} c5 {[%emt 0:06:32]} 13. O-O-O {[%emt 0:13:26]} cxd4 {[%emt 0:04:34]} 14. Nxd4 {[%emt 0:03:14]} Nd5 {[%emt 0:01:49]} 15. Bxe7 {[%emt 0:04:28]} Qxe7 {[%emt 0:00:20]} 16. Kb1 {[%emt 0:03:25]} Nb4 {[%emt 0:05:34]} 17. Qe2 {[%emt 0:00:24]} Nc5 {[%emt 0:05:13]} 18. Bc4 {[%emt 0:02:15]} Ne4 {[%emt 0:02:57]} 19. Rc1 {[%emt 0:05:16]} Rfd8 {[%emt 0:08:33]} 20. Nxe4 {[%emt 0:08:42]} Bxe4+ {[%emt 0:00:11]} 21. Ka1 {[%emt 0:00:12]} Nc6 {[%emt 0:15:57]} 22. Nxc6 {[%emt 0:08:06]} Bxc6 {[%emt 0:00:08]} 23. f3 Bd5 {[%emt 0:00:51]} 24. Ba6 {[%emt 0:02:03]} Qb4 {[%emt 0:03:17]} 25. Rc3 {[%emt 0:02:25]} Rab8 {[%emt 0:03:45]} 26. Rd1 {[%emt 0:02:58]} Qxh4 {[%emt 0:02:43]} 27. a3 {[%emt 0:01:18]} Qa4 {[%emt 0:05:19]} 28. Rd4 {[%emt 0:00:53]} Qe8 {[%emt 0:00:22]} 29. Rc7 {[%emt 0:01:41]} Bb3 {[%emt 0:05:10]} 30. Rb4 {[%emt 0:01:21]} Rd1+ {[%emt 0:00:19]} 31. Qxd1 {[%emt 0:01:29]} Bxd1 {[%emt 0:00:03]} 32. Rd4 {[%emt 0:00:21]} Ba4 {[%emt 0:00:55]} 33. Ka2 {[%emt 0:00:46]} Bb5 {[%emt 0:00:44]} 34. Rxa7 {[%emt 0:02:11]} Bxa6 {[%emt 0:00:37]} 35. Rxa6 {[%emt 0:00:07]} Qc6 {[%emt 0:01:01]} 36. e4 {[%emt 0:01:00]} Ra8 {[%emt 0:00:28]} 37. Rxa8+ {[%emt 0:01:44]} Qxa8 {[%emt 0:00:01]} 38. Rb4 {[%emt 0:01:45]} Qc6 {[%emt 0:00:06]} 39. a4 {[%emt 0:00:48]} Kh7 {[%emt 0:00:03]} 40. Ka3 {[%emt 0:00:00]} Qc5 {[%emt 0:00:00]} 41. Kb3 {[%emt 0:00:00]} Qe3+ {[%emt 0:00:00]} 42. Ka2 {[%emt 0:00:00]} Kg6 {[%emt 0:00:00]} 43. Rb5 {[%emt 0:00:00]} f6 44. a5 {[%emt 0:00:00]} bxa5 {[%emt 0:00:00]} 45. Rxa5 {[%emt 0:00:00]} Qd2 {[%emt 0:00:00]} 0-1

[Event "2nd Hersonissos Open 2018"]
[Site "Hersonissos"]
[Date "2018.06.19"]
[Round "4"]
[White "Adair, James R"]
[Black "Risting, Eivind Olav"]
[Result "1/2-1/2"]
[WhiteElo "2485"]
[BlackElo "2301"]
[Annotator "TA"]
[PlyCount "53"]
[EventDate "2018.06.16"]
[EventType "swiss"]
[EventCountry "GRE"]
[SourceTitle "playchess.com"]
[Source "ChessBase"]
[SourceQuality "1"]

{[%evp 20,53,32,14,44,35,77,69,77,83,83,91,103,79,124,73,110,64,68,-7,0,0,0,-45,-56,-41,-43,-110,-19,-93,0,-112,0,-76,0,-112]} 1. d4 Nf6 2. c4 e6 3. Nf3 Bb4+ 4. Bd2 a5 5. g3 b6 6. Bg2 Bb7 7. O-O O-O 8. Bf4 Be7 9. Nc3 Ne4 10. Nb5 {E16: Queen's Indian: 4 g3 Bb7 5 Bg2 Bb4+} Na6 11. Qc2 {LiveBook: 4 Games} Qc8 $146 ({Predecessor:} 11... f5 12. a3 Bf6 13. Rfd1 Qc8 14. d5 d6 15. Be3 Nac5 16. Nfd4 e5 17. Nxf5 Qxf5 18. Bxc5 Nxg3 {0-1 (49) Girya,O (2457)-Lysyj,I (2686) Wroclaw 2014}) 12. Rad1 {White is slightly better.} c6 13. Nc3 Nxc3 14. bxc3 d5 15. Rb1 b5 16. c5 f5 17. Ne5 (17. a4 $142) 17... Nb8 {[%cal Ba6b8,Bb8d7,Bd7c5,Bc5e4][%mdl 32]} 18. g4 Nd7 19. Bh3 ({White should play} 19. gxf5 $14 Nxe5 20. Bxe5) 19... fxg4 20. Bxg4 Nxc5 21. Qd2 Ne4 22. Qe3 Bd6 23. Qh3 (23. f3 $15 Nf6 24. Bh3) 23... Re8 (23... Rf6 $17 {...h5 is the strong threat.} 24. f3 Nxc3) 24. Bh5 (24. Kh1 $11 {remains equal.}) 24... Rf8 25. Bg4 Re8 26. Bh5 {[#] Threatens to win with Bf7+.} Rf8 27. Bg4 {Precision: White = 37%, Black = 26%.} 1/2-1/2

[Event "2nd Hersonissos Open 2018"]
[Site "Hersonissos"]
[Date "2018.06.19"]
[Round "4"]
[White "Haug, Johannes"]
[Black "Serpetsidakis, Nikolaos"]
[Result "1-0"]
[WhiteElo "2401"]
[BlackElo "2126"]
[Annotator "NA"]
[PlyCount "91"]
[EventDate "2018.06.16"]
[EventType "swiss"]
[EventCountry "GRE"]
[SourceTitle "playchess.com"]
[Source "ChessBase"]
[SourceQuality "1"]
[TimeControl "5400+30"]

1. Nf3 {[%emt 0:00:00]} Nf6 {[%emt 0:00:13]} 2. g3 {[%emt 0:00:30]} d5 {[%emt 0:00:25]} 3. Bg2 {[%emt 0:00:05]} Bf5 {[%emt 0:00:46]} 4. O-O {[%emt 0:00:13]} e6 {[%emt 0:00:49]} 5. c4 {[%emt 0:00:15]} c6 {[%emt 0:00:29]} 6. d3 {[%emt 0:00:16]} dxc4 {[%emt 0:03:14]} 7. dxc4 {[%emt 0:00:16]} Qxd1 {[%emt 0:01:41]} 8. Rxd1 {[%emt 0:00:02]} Nbd7 {[%emt 0:00:48]} 9. Nc3 {[%emt 0:00:29]} e5 {[%emt 0:12:43]} 10. b3 {[%emt 0:09:07]} Bb4 {[%emt 0:04:11]} 11. Bb2 {[%emt 0:01:45]} O-O {[%emt 0:00:10]} 12. e4 {[%emt 0:13:17]} Bxc3 {[%emt 0:23:27]} 13. Bxc3 {[%emt 0:00:22]} Nxe4 {[%emt 0:01:09]} 14. Bb2 {[%emt 0:14:52]} Bg4 {[%emt 0:01:49]} 15. Re1 {[%emt 0:12:24]} Bxf3 {[%emt 0:08:02]} 16. Bxf3 {[%emt 0:00:27]} Ng5 {[%emt 0:00:13]} 17. Bg2 $11 {[%emt 0:00:46]} f6 {[%emt 0:00:30]} 18. f4 {[%emt 0:08:46]} Nf7 {[%emt 0:19:06]} 19. Rad1 {[%emt 0:09:45]} Rfd8 {[%emt 0:00:39]} 20. Bh3 {[%emt 0:00:51]} Nf8 {[%emt 0:13:46]} 21. Rxd8 {[%emt 0:00:19]} Rxd8 {[%emt 0:00:07]} 22. fxe5 {[%emt 0:00:04]} fxe5 {[%emt 0:00:15]} 23. Bxe5 {[%emt 0:00:40]} Nxe5 {[%emt 0:00:22]} 24. Rxe5 {[%emt 0:00:05]} Rd1+ {[%emt 0:01:49]} 25. Kf2 {[%emt 0:06:28]} Rd2+ {[%emt 0:00:05]} 26. Kf3 {[%emt 0:07:18]} Rxa2 {[%emt 0:01:30]} 27. Re8 {[%emt 0:00:08]} g6 {[%emt 0:04:52]} 28. Rb8 {[%emt 0:01:47]} b6 {[%emt 0:00:39]} 29. Bd7 {[%emt 0:00:58]} c5 {[%emt 0:00:36]} 30. Be6+ {[%emt 0:01:04]} Kg7 {[%emt 0:00:02]} 31. Bd5 {[%emt 0:00:01]} Rd2 {[%emt 0:01:02]} 32. Rb7+ {[%emt 0:00:11]} Kh8 {[%emt 0:00:30]} 33. Rf7 {[%emt 0:00:16]} Kg8 {[%emt 0:00:01]} 34. Rxa7+ {[%emt 0:00:21]} Kh8 {[%emt 0:00:01]} 35. Ke3 {[%emt 0:03:50]} Rd4 {[%emt 0:00:10]} 36. Rf7 {[%emt 0:03:07]} Kg8 {[%emt 0:00:01]} 37. Rb7+ {[%emt 0:00:25]} Kh8 {[%emt 0:00:08]} 38. Rxb6 {[%emt 0:00:18]} Nd7 {[%emt 0:01:39]} 39. Re6 {[%emt 0:00:32]} Nf8 {[%emt 0:01:28]} 40. Re8 {[%emt 0:00:00]} Kg7 {[%emt 0:00:00]} 41. Re7+ {[%emt 0:00:00]} Kh8 {[%emt 0:00:00]} 42. Rf7 {[%emt 0:00:00]} Kg8 {[%emt 0:00:00]} 43. Rf4+ {[%emt 0:00:00]} Kg7 {[%emt 0:00:00]} 44. Rxd4 {[%emt 0:00:00]} cxd4+ {[%emt 0:00:00]} 45. Kxd4 {[%emt 0:00:00]} Kf6 {[%emt 0:00:00]} 46. b4 {[%emt 0:00:00] Ke5+} 1-0

[Event "2nd Hersonissos Open 2018"]
[Site "Hersonissos"]
[Date "2018.06.19"]
[Round "4"]
[White "Hommeles, Theo"]
[Black "Delchev, Aleksander"]
[Result "1/2-1/2"]
[WhiteElo "2361"]
[BlackElo "2563"]
[Annotator "TA"]
[PlyCount "84"]
[EventDate "2018.06.16"]
[EventType "swiss"]
[EventCountry "GRE"]
[SourceTitle "playchess.com"]
[Source "ChessBase"]
[SourceQuality "1"]

{[%evp 29,84,0,0,-8,0,0,0,7,8,0,0,0,0,0,0,0,11,11,15,9,8,11,12,8,10,9,12,11,12,6,14,0,0,0,0,0,7,5,7,0,0,0,0,0,0,-16,0,0,0,-12,-12,-10,25,0,8,0,8]} 1. e4 e5 2. Nf3 Nc6 3. Bb5 a6 4. Ba4 Nf6 5. O-O Be7 6. Re1 b5 7. Bb3 d6 8. c3 O-O 9. h3 Bb7 10. d4 Nd7 11. Nbd2 {[%cal Bb1d2,Bd2f1,Bf1e3,Be3d5][%mdl 32]} exd4 {C92: Closed Ruy Lopez: 9...Be6, Karpov and Flohr-Zaitsev Variations} 12. cxd4 Bf6 13. Nf1 Na5 14. Bc2 Re8 15. Ne3 Bxe4 {LiveBook: 4 Games} 16. Bxe4 Rxe4 17. Qc2 Re8 18. Bd2 c5 {[#]} (18... Nc4 19. Nxc4 Rxe1+ 20. Rxe1 bxc4 21. Qxc4 {½-½ (60) Shankland,S (2671)-Bu,X (2725) Liaocheng 2018}) 19. dxc5 $146 ({Predecessor:} 19. Nd5 Rxe1+ 20. Rxe1 {½-½ (42) Gomez Garrido,C (2524)-Gledura,B (2605) Barcelona 2017}) 19... dxc5 20. Nd5 Rxe1+ $1 21. Rxe1 Nc6 22. Qf5 Nde5 (22... c4 {is interesting.} 23. Ng5 Nf8 24. Re7 Nxe7 25. Nxf6+ gxf6 26. Qxf6 Qxd2 27. Qxf7+ Kh8) 23. Nxf6+ Qxf6 24. Rxe5 Nxe5 25. Qxe5 Qxe5 26. Nxe5 f6 27. Nf3 Kf7 28. Kf1 Ke6 29. Ke2 Kd5 30. Ne1 Re8+ 31. Be3 a5 32. Nd3 c4 33. Nf4+ Kc6 34. Kd2 b4 35. h4 {[%cal Bh3h4,Bh4h5][%mdl 32]} g6 {[%cal Bg7g6,Bg6g5][%mdl 32]} 36. Kc2 Re4 37. b3 Kb5 38. h5 g5 39. Ne2 cxb3+ 40. axb3 Kc6 41. g3 Kd5 42. Kd3 Re8 {Precision: White = 65%, Black = 80%.} 1/2-1/2

[Event "2nd Hersonissos Open 2018"]
[Site "Hersonissos"]
[Date "2018.06.19"]
[Round "4"]
[White "L'ami, Alina"]
[Black "Loshkarev, Dmitri"]
[Result "1-0"]
[WhiteElo "2307"]
[BlackElo "2089"]
[Annotator "NA"]
[PlyCount "85"]
[EventDate "2018.06.16"]
[EventType "swiss"]
[EventCountry "GRE"]
[SourceTitle "playchess.com"]
[Source "ChessBase"]
[SourceQuality "1"]
[TimeControl "5400+30"]

1. d4 {[%emt 0:00:00]} d5 {[%emt 0:04:17]} 2. c4 {[%emt 0:01:26]} dxc4 {[%emt 0:00:11]} 3. e4 {[%emt 0:00:09]} Nf6 {[%emt 0:00:13]} 4. e5 {[%emt 0:00:08]} Nd5 {[%emt 0:00:05]} 5. Bxc4 {[%emt 0:00:09]} Nb6 {[%emt 0:00:05]} 6. Bb3 {[%emt 0:00:04]} Nc6 {[%emt 0:00:57]} 7. Ne2 {[%emt 0:00:17]} Bg4 {[%emt 0:01:21]} 8. f3 {[%emt 0:06:04]} Bf5 {[%emt 0:00:29]} 9. Nbc3 {[%emt 0:00:15]} e6 {[%emt 0:00:23]} 10. O-O {[%emt 0:03:12]} Qd7 {[%emt 0:03:32]} 11. Be3 {[%emt 0:04:38]} h5 {[%emt 0:02:47]} 12. Qc1 {[%emt 0:18:36]} Bd3 {[%emt 0:07:19]} 13. Rd1 {[%emt 0:04:36]} Bxe2 {[%emt 0:03:12]} 14. Nxe2 {[%emt 0:00:02]} Nd5 {[%emt 0:03:38]} 15. Ba4 {[%emt 0:05:44]} Be7 {[%emt 0:05:44]} 16. Bf2 {[%emt 0:13:47]} O-O-O $16 {[%emt 0:03:47]} 17. a3 {[%emt 0:07:40]} Nb6 {[%emt 0:13:11]} 18. Bb5 {[%emt 0:04:55]} a6 {[%emt 0:02:08]} 19. Bxc6 {[%emt 0:04:41]} Qxc6 {[%emt 0:00:16]} 20. Qxc6 {[%emt 0:00:35]} bxc6 {[%emt 0:00:08]} 21. Rac1 {[%emt 0:00:34]} c5 {[%emt 0:04:06]} 22. dxc5 {[%emt 0:06:47]} Rxd1+ {[%emt 0:01:11]} 23. Rxd1 {[%emt 0:00:02]} Nd7 {[%emt 0:00:21]} 24. b4 {[%emt 0:01:36]} Nxe5 {[%emt 0:01:09]} 25. Nd4 {[%emt 0:05:48]} Kb7 {[%emt 0:01:26]} 26. Nb3 {[%emt 0:02:34]} Nc6 {[%emt 0:05:31]} 27. Kf1 {[%emt 0:01:32]} Rd8 {[%emt 0:00:32]} 28. Ke2 {[%emt 0:00:37]} Rxd1 {[%emt 0:04:26]} 29. Kxd1 {[%emt 0:00:01]} Bf6 {[%emt 0:00:18]} 30. Kc2 {[%emt 0:00:23]} Be5 {[%emt 0:04:50]} 31. h3 {[%emt 0:00:18]} Bf6 {[%emt 0:01:13]} 32. Be1 {[%emt 0:03:57]} g6 {[%emt 0:05:47]} 33. Bc3 {[%emt 0:02:43]} Be7 {[%emt 0:00:27]} 34. Kd3 {[%emt 0:00:24]} Bh4 {[%emt 0:06:00]} 35. a4 {[%emt 0:00:53]} Na7 {[%emt 0:04:56]} 36. Na5+ {[%emt 0:00:44]} Kc8 {[%emt 0:00:40]} 37. c6 {[%emt 0:01:22]} Kd8 {[%emt 0:06:25]} 38. Bd4 {[%emt 0:00:25]} Nc8 {[%emt 0:01:21]} 39. Nb7+ {[%emt 0:00:13]} Ke7 {[%emt 0:01:15]} 40. Kc4 {[%emt 0:00:00]} Bg3 {[%emt 0:00:00]} 41. b5 {[%emt 0:00:00]} Nd6+ {[%emt 0:00:00]} 42. Nxd6 {[%emt 0:00:00]} Kxd6 {[%emt 0:00:00]} 43. Bc5+ {[%emt 0:00:00]} 1-0

[Event "2nd Hersonissos Open 2018"]
[Site "Hersonissos"]
[Date "2018.06.19"]
[Round "4"]
[White "Ranaldi, Lucas"]
[Black "Salomon, Johan"]
[Result "1/2-1/2"]
[WhiteElo "2283"]
[BlackElo "2474"]
[Annotator "TA"]
[PlyCount "63"]
[EventDate "2018.06.16"]
[EventType "swiss"]
[EventCountry "GRE"]
[SourceTitle "playchess.com"]
[Source "ChessBase"]
[SourceQuality "1"]

{[%evp 19,63,37,40,25,32,40,29,-6,0,1,72,-18,98,25,114,0,122,122,121,119,129,117,125,124,118,118,128,107,200,193,175,191,189,124,130,113,138,111,111,56,79,54,75,67,79,20]} 1. c4 Nf6 2. g3 e5 3. Bg2 g6 4. Nc3 Bg7 5. Nf3 Nc6 6. O-O O-O 7. d4 exd4 8. Nxd4 Re8 9. e3 Ne5 10. b3 d6 11. h3 {A29: English Opening: Four Knights Variation with 4 g3} Rb8 (11... a6 12. a4 a5 13. Ndb5 Nc6 14. Ra2 Nb4 15. Rd2 Nd7 16. Ba3 c6 17. Nd4 Nc5 18. Nde2 Bf8 {½-½ (42) Adly,A (2596)-Haddouche,M (2479) Beirut 2015}) 12. Bb2 a6 13. Kh2 $146 {White has an edge.} ({Predecessor:} 13. Qd2 c5 14. Nf3 Nxf3+ {½-½ (14) Shatko,D (2329)-Sama Salinas,H (2125) Cerdanyola del Valles 2015}) 13... Bd7 14. Qd2 Qc8 (14... c5 $11 15. Nde2 Bc6) 15. Rfd1 ({Better is} 15. f4 $16 Nc6 16. Rae1) 15... h5 (15... c5 $11 {keeps the balance.} 16. Nde2 Bc6) 16. Rac1 (16. f4 $16 Nc6 17. Nf3) 16... Qd8 (16... c5 $11) 17. Kh1 (17. f4 $16) 17... Kh7 (17... Qc8 $11) 18. f4 $16 Nc6 {[#]} 19. Nf3 $1 Kg8 20. Ng5 Nh7 {[#]} 21. Nxh7 $1 Kxh7 22. Nd5 Bf5 23. Re1 Be4 (23... Rc8 $16) 24. Bxe4 Rxe4 25. Bxg7 Kxg7 26. Qd3 (26. Re2 $18) 26... Re6 27. e4 Rc8 28. Kg2 Qh8 29. b4 (29. Rf1 $16) 29... Kg8 30. Rcd1 (30. f5 $5 {[%cal Rf5e6]} Ree8 31. Qf1 $16) 30... Ree8 31. a3 Ne7 32. Qc3 {Precision: White = 33%, Black = 37%.} (32. Nc3 $16) 1/2-1/2

[Event "2nd Hersonissos Open 2018"]
[Site "Hersonissos"]
[Date "2018.06.19"]
[Round "4"]
[White "Lirindzakis, Timotheos"]
[Black "Kouvidis, Ioannis"]
[Result "1/2-1/2"]
[WhiteElo "2163"]
[BlackElo "1730"]
[Annotator "NA"]
[PlyCount "43"]
[EventDate "2018.06.16"]
[EventType "swiss"]
[EventCountry "GRE"]
[SourceTitle "playchess.com"]
[Source "ChessBase"]
[SourceQuality "1"]
[TimeControl "5400+30"]

1. d4 {[%emt 0:00:00]} Nf6 {[%emt 0:00:08]} 2. c4 {[%emt 0:00:00]} g6 {[%emt 0:00:05]} 3. Nc3 {[%emt 0:00:00]} Bg7 {[%emt 0:00:05]} 4. e4 {[%emt 0:00:00]} d6 {[%emt 0:00:05]} 5. Nf3 {[%emt 0:00:06]} O-O {[%emt 0:00:08]} 6. Be2 {[%emt 0:00:02]} e5 {[%emt 0:00:07]} 7. d5 {[%emt 0:00:19]} a5 {[%emt 0:00:58]} 8. Bg5 {[%emt 0:00:20]} Na6 {[%emt 0:01:23]} 9. Nd2 {[%emt 0:01:24]} Qe8 {[%emt 0:01:21]} 10. a3 {[%emt 0:04:42]} Bd7 {[%emt 0:07:08]} 11. b3 {[%emt 0:01:14]} Kh8 {[%emt 0:02:51]} 12. g4 {[%emt 0:10:27]} Ng8 {[%emt 0:03:01]} 13. Be3 {[%emt 0:07:04]} Qe7 {[%emt 0:04:54]} 14. h4 {[%emt 0:02:07]} f5 {[%emt 0:02:49]} 15. gxf5 {[%emt 0:06:32]} gxf5 {[%emt 0:00:52]} 16. exf5 {[%emt 0:00:40]} Bxf5 {[%emt 0:04:37]} 17. Nde4 {[%emt 0:01:19]} Nf6 $11 {[%emt 0:03:45]} 18. Ng3 {[%emt 0:03:31]} Bd7 {[%emt 0:03:20]} 19. h5 {[%emt 0:05:48]} h6 {[%emt 0:00:30]} 20. Qd2 {[%emt 0:05:08]} Nc5 {[%emt 0:01:10]} 21. Bd1 {[%emt 0:13:06]} e4 {[%emt 0:05:43]} 22. Bxc5 {[%emt 0:07:37]} 1/2-1/2

[Event "2nd Hersonissos Open 2018"]
[Site "Hersonissos"]
[Date "2018.06.19"]
[Round "4"]
[White "Vanheirzeele, Daniel"]
[Black "Umbetov, Kazybek"]
[Result "1/2-1/2"]
[WhiteElo "2156"]
[BlackElo "2001"]
[Annotator "NA"]
[PlyCount "25"]
[EventDate "2018.06.16"]
[EventType "swiss"]
[EventCountry "GRE"]
[SourceTitle "playchess.com"]
[Source "ChessBase"]
[SourceQuality "1"]
[TimeControl "5400+30"]

1. d4 {[%emt 0:00:00]} f5 {[%emt 0:00:08]} 2. g3 {[%emt 0:02:49]} Nf6 {[%emt 0:00:05]} 3. Bg2 {[%emt 0:00:05]} g6 {[%emt 0:00:08]} 4. c3 {[%emt 0:00:47]} Bg7 {[%emt 0:00:06]} 5. Nd2 {[%emt 0:00:47]} c6 {[%emt 0:00:18]} 6. Nh3 {[%emt 0:03:54]} O-O {[%emt 0:00:10]} 7. O-O {[%emt 0:07:18]} d6 {[%emt 0:01:19]} 8. Qb3+ {[%emt 0:01:18]} e6 {[%emt 0:00:28]} 9. e4 {[%emt 0:04:21]} Kh8 {[%emt 0:15:23]} 10. exf5 {[%emt 0:04:15]} exf5 {[%emt 0:00:40]} 11. Nf3 {[%emt 0:08:06]} Ne4 $16 {[%emt 0:15:03]} 12. Nf4 {[%emt 0:17:21]} Qf6 {[%emt 0:05:17]} 13. d5 {[%emt 0:11:04]} 1/2-1/2

[Event "2nd Hersonissos Open 2018"]
[Site "Hersonissos"]
[Date "2018.06.19"]
[Round "4"]
[White "Lobersli, Henrik Oie"]
[Black "Brokalakis - Gounaris, Christos"]
[Result "1-0"]
[WhiteElo "2134"]
[BlackElo "1851"]
[Annotator "NA"]
[PlyCount "51"]
[EventDate "2018.06.16"]
[EventType "swiss"]
[EventCountry "GRE"]
[SourceTitle "playchess.com"]
[Source "ChessBase"]
[SourceQuality "1"]
[TimeControl "5400+30"]

1. e4 {[%emt 0:00:00]} e5 {[%emt 0:00:13]} 2. Nf3 {[%emt 0:00:00]} Nc6 {[%emt 0:00:06]} 3. Bb5 {[%emt 0:00:18]} a6 {[%emt 0:00:11]} 4. Ba4 {[%emt 0:00:21]} Nf6 {[%emt 0:00:16]} 5. O-O {[%emt 0:00:27]} Be7 {[%emt 0:00:10]} 6. Re1 {[%emt 0:00:18]} b5 {[%emt 0:00:34]} 7. Bb3 {[%emt 0:00:10]} O-O {[%emt 0:01:19]} 8. h3 {[%emt 0:00:33]} d6 {[%emt 0:01:20]} 9. c3 {[%emt 0:00:28]} Na5 {[%emt 0:04:09]} 10. Bc2 {[%emt 0:01:07]} c5 {[%emt 0:00:15]} 11. d4 {[%emt 0:00:35]} Nc6 {[%emt 0:08:18]} 12. d5 {[%emt 0:01:27]} Na5 {[%emt 0:02:17]} 13. b3 {[%emt 0:04:41]} Re8 {[%emt 0:02:18]} 14. Nbd2 {[%emt 0:02:16]} Bf8 {[%emt 0:01:55]} 15. Nf1 {[%emt 0:01:47]} Bd7 {[%emt 0:02:51]} 16. Ng3 {[%emt 0:02:59]} g6 {[%emt 0:00:21]} 17. Nh2 {[%emt 0:12:26]} Bg7 {[%emt 0:09:48]} 18. f4 {[%emt 0:05:09]} Qb6 {[%emt 0:07:16]} 19. Kh1 {[%emt 0:01:07]} exf4 {[%emt 0:04:44]} 20. Bxf4 {[%emt 0:00:18]} Bc8 {[%emt 0:07:41]} 21. Qf3 {[%emt 0:14:04]} Ra7 {[%emt 0:10:27]} 22. Bg5 {[%emt 0:07:49]} Nd7 {[%emt 0:01:36]} 23. Ng4 {[%emt 0:00:34]} Ne5 {[%emt 0:05:43]} 24. Nf6+ {[%emt 0:04:06]} Kh8 {[%emt 0:02:03]} 25. Qf4 {[%emt 0:00:46]} Rf8 {[%emt 0:00:32]} 26. Qh4 {[%emt 0:00:56]} 1-0

[Event "2nd Hersonissos Open 2018"]
[Site "Hersonissos"]
[Date "2018.06.19"]
[Round "4"]
[White "Angermuende, Dirk"]
[Black "Fragiadakis, Emanouel"]
[Result "1-0"]
[WhiteElo "1966"]
[BlackElo "1813"]
[Annotator "NA"]
[PlyCount "78"]
[EventDate "2018.06.16"]
[EventType "swiss"]
[EventCountry "GRE"]
[SourceTitle "playchess.com"]
[Source "ChessBase"]
[SourceQuality "1"]
[TimeControl "5400+30"]

1. e4 {[%emt 0:00:00]} e5 {[%emt 0:00:04]} 2. Nf3 {[%emt 0:00:00]} Nc6 {[%emt 0:00:05]} 3. d4 {[%emt 0:00:00]} exd4 {[%emt 0:00:14]} 4. Nxd4 {[%emt 0:00:00]} Bc5 {[%emt 0:00:10]} 5. Be3 {[%emt 0:01:20]} Qf6 {[%emt 0:00:33]} 6. c3 {[%emt 0:00:16]} Nge7 {[%emt 0:00:37]} 7. Be2 {[%emt 0:01:23]} O-O {[%emt 0:01:05]} 8. O-O {[%emt 0:00:27]} b6 {[%emt 0:03:02]} 9. Qd2 {[%emt 0:01:59]} Qg6 {[%emt 0:06:51]} 10. b4 {[%emt 0:01:50]} Bxd4 {[%emt 0:02:04]} 11. cxd4 {[%emt 0:00:09]} Bb7 {[%emt 0:08:22]} 12. d5 {[%emt 0:02:57]} Nd8 {[%emt 0:04:10]} 13. Nc3 {[%emt 0:01:55]} d6 {[%emt 0:17:03]} 14. f4 {[%emt 0:04:47]} f5 {[%emt 0:03:16]} 15. e5 {[%emt 0:00:10]} Nf7 {[%emt 0:01:47]} 16. e6 {[%emt 0:01:45]} Nd8 $18 {[%emt 0:02:19]} (16... Nh6 {was worth a try.} 17. Rf3 Ng4) 17. Bf3 {[%emt 0:05:32]} c6 {[%emt 0:26:19]} 18. dxc6 {[%emt 0:02:34]} Bxc6 {[%emt 0:00:15]} 19. Qxd6 {[%emt 0:06:07]} Qxe6 {[%emt 0:01:57]} 20. Qxe6+ {[%emt 0:00:13]} Nxe6 {[%emt 0:00:04]} 21. Rae1 {[%emt 0:01:39]} Rf6 {[%emt 0:01:40]} 22. Bxc6 {[%emt 0:06:37]} Nxc6 {[%emt 0:00:01]} 23. Nd5 {[%emt 0:00:14]} Rf7 {[%emt 0:03:39]} 24. Bxb6 {[%emt 0:02:22]} Nxf4 {[%emt 0:00:47]} 25. Rxf4 {[%emt 0:00:29]} axb6 {[%emt 0:00:10]} 26. b5 {[%emt 0:00:31]} g5 {[%emt 0:02:48]} 27. Rc4 {[%emt 0:02:53]} Na5 {[%emt 0:00:25]} 28. Ra4 {[%emt 0:03:53]} Raa7 {[%emt 0:07:18]} 29. Nxb6 {[%emt 0:03:59]} Rfb7 {[%emt 0:00:07]} 30. Nc8 {[%emt 0:00:43]} Ra8 {[%emt 0:00:02]} 31. Re8+ {[%emt 0:07:36]} Kg7 {[%emt 0:00:08]} 32. Re7+ {[%emt 0:00:20]} Rxe7 {[%emt 0:01:03]} 33. Nxe7 {[%emt 0:00:09]} Ra7 {[%emt 0:03:32]} 34. Nxf5+ {[%emt 0:00:10]} Kf6 {[%emt 0:00:05]} 35. Nd4 {[%emt 0:00:15]} Rd7 {[%emt 0:01:04]} 36. Rxa5 {[%emt 0:00:37]} Rxd4 {[%emt 0:00:04]} 37. b6 {[%emt 0:00:21]} Rb4 {[%emt 0:00:24]} 38. Ra6 {[%emt 0:00:07]} Ke5 {[%emt 0:00:23]} 39. a4 {[%emt 0:00:08]} Ke4 {[%emt 0:00:33]} 1-0